[Event "Sousse BICA op 1st"]
[Site "Sousse"]
[Date "2021.12.27"]
[Round "5"]
[White "El Kamel, Adel Mahmoud"]
[Black "Lorparizangeneh, Shahin"]
[Result "0-1"]
[WhiteElo "2163"]
[BlackElo "2497"]
[PlyCount "110"]
[EventDate "2021.12.24"]
[EventType "swiss"]
[EventRounds "9"]
[EventCountry "TUN"]
[SourceTitle "CBM 205 Extra"]
[Source "ChessBase"]
[SourceDate "2022.01.31"]
[SourceVersion "1"]
[SourceVersionDate "2022.01.31"]
[SourceQuality "1"]

1. d4 Nf6 2. Bf4 g6 3. Nc3 d5 4. e3 Bg7 5. Nb5 Na6 6. h3 Ne4 7. Nc3 Nxc3 8. bxc3 c5 9. Bb5+ Bd7 10. Rb1 0-0 11. Qe2 cxd4 12. Bxd7 d3 13. Qxd3 Qxd7 14. Ne2 Nc5 15. Qb5 Qxb5 16. Rxb5 Rfc8 17. 0-0 b6 18. Rd1 e6 19. c4 Nb7 20. cxd5 e5 21. Bg5 Rxc2 22. Nc1 Nd6 23. Rb1 f6 24. Bh4 Ne4 25. Nd3 Nc3 26. Nb4 Nxd1 27. Nxc2 Nc3 28. Rb3 Nxd5 29. Rd3 Ne7 30. e4 Rc8 31. Ne3 Rc7 32. f3 Kf7 33. Be1 h5 34. Bb4 Bh6 35. Nd1 Nc6 36. Bc3 b5 37. Kf1 Ke6 38. Ke1 b4 39. Bd2 Bxd2+ 40. Kxd2 Nd4 41. Ne3 a5 42. Kd1 f5 43. Nd5 Rf7 44. Ke1 Nb5 45. Rd1 fxe4 46. fxe4 Nd6 47. Nb6 Nxe4 48. Nc4 a4 49. Rd8 Rc7 50. Ne3 Nc3 51. Re8+ Kf7 52. Rxe5 b3 53. axb3 axb3 54. Nf1 b2 55. Nd2 Re7 0-1

[Event "Sousse BICA op 1st"]
[Site "Sousse"]
[Date "2021.12.27"]
[Round "6"]
[White "Rekik, Ismail"]
[Black "El Kamel, Adel Mahmoud"]
[Result "0-1"]
[WhiteElo "1920"]
[BlackElo "2163"]
[PlyCount "123"]
[EventDate "2021.12.24"]
[EventType "swiss"]
[EventRounds "9"]
[EventCountry "TUN"]
[SourceTitle "CBM 205 Extra"]
[Source "ChessBase"]
[SourceDate "2022.01.31"]
[SourceVersion "1"]
[SourceVersionDate "2022.01.31"]
[SourceQuality "1"]

1. c4 e5 2. Nc3 Nc6 3. g3 f5 4. d3 Nf6 5. Bg2 Bb4 6. a3 Bxc3+ 7. bxc3 d6 8. Rb1 0-0 9. Nf3 Qe8 10. 0-0 Qh5 11. Nd2 f4 12. e4 Qh6 13. Qe2 g5 14. f3 b6 15. g4 Qg7 16. Kf2 h5 17. h3 Ba6 18. Qd1 Nd7 19. gxh5 Nf6 20. Rg1 Nxh5 21. Nf1 Bc8 22. Bd2 Kf7 23. Be1 Rh8 24. Ke2 Nf6 25. Rh1 Bd7 26. Bf2 Rh6 27. Nd2 Rah8 28. Qf1 Qh7 29. h4 gxh4 30. Bh3 Ke8 31. Bxd7+ Qxd7 32. Qh3 Ne7 33. Qxd7+ Kxd7 34. Rh3 Ng6 35. d4 c5 36. a4 Nh5 37. a5 Kc7 38. Kd3 Ng3 39. Nb3 Rb8 40. a6 Rg8 41. Na1 Nf8 42. Nc2 Ne6 43. Na3 Ng5 44. Nb5+ Kb8 45. Rh2 Nxf3 46. Rh3 Ng5 47. Rh2 N5xe4 48. Bg1 Ng5 49. dxc5 dxc5 50. Ra2 e4+ 51. Kc2 e3 52. Rd1 Rh7 53. Rd6 N5e4 54. Rd5 e2 55. Ra1 f3 56. Nd6 Nxd6 57. Rxd6 Re7 58. Re1 Ne4 59. Rh6 Kc7 60. Bh2+ Kd7 61. Rxh4 f2 62. Rxe2 0-1

[Event "Sousse BICA op 1st"]
[Site "Sousse"]
[Date "2021.12.25"]
[Round "2"]
[White "Kovalenko, Igor"]
[Black "El Kamel, Adel Mahmoud"]
[Result "1-0"]
[WhiteElo "2668"]
[BlackElo "2163"]
[PlyCount "153"]
[EventDate "2021.12.24"]
[EventType "swiss"]
[EventRounds "9"]
[EventCountry "TUN"]
[SourceTitle "CBM 205 Extra"]
[Source "ChessBase"]
[SourceDate "2022.01.31"]
[SourceVersion "1"]
[SourceVersionDate "2022.01.31"]
[SourceQuality "1"]

1. c4 Nf6 2. b3 e5 3. Bb2 d6 4. d4 exd4 5. Qxd4 Nc6 6. Qd2 d5 7. a3 Be6 8. cxd5 Ne4 9. Qd1 Qxd5 10. Qxd5 Bxd5 11. f3 Nc5 12. b4 Nb3 13. Nc3 Nxa1 14. Nxd5 0-0-0 15. e4 Nc2+ 16. Kf2 N6d4 17. Nh3 c6 18. Ndf4 Ne6 19. Nxe6 fxe6 20. Be2 Be7 21. Bxg7 Rhg8 22. Bb2 Rd2 23. Bc1 Rd4 24. Nf4 e5 25. Nd3 a5 26. Bb2 axb4 27. axb4 Rdd8 28. Bc3 Nd4 29. g3 Bf6 30. Rc1 Rge8 31. Bf1 Kb8 32. Bb2 Re7 33. Rc4 Red7 34. Rc5 Nb3 35. Rc3 Nd4 36. Ke3 Bg7 37. Rc5 b6 38. Rc1 Kb7 39. f4 exf4+ 40. gxf4 Bh6 41. Rc4 Ne6 42. Be5 Rf7 43. Rc2 Rxd3+ 44. Kxd3 Nxf4+ 45. Bxf4 Bxf4 46. Bh3 Bd6 47. Bg2 Be5 48. h4 Rd7+ 49. Ke3 Rf7 50. h5 Kc7 51. Bh3 Rg7 52. Be6 Rg3+ 53. Kf2 Rc3 54. Rd2 Bd6 55. h6 c5 56. bxc5 bxc5 57. Ra2 Kb6 58. Rb2+ Ka6 59. Bc8+ Ka5 60. Rb7 Rc2+ 61. Kf3 Rh2 62. Rxh7 c4 63. Ra7+ Kb6 64. Ra6+ Kc7 65. Be6 Rxh6 66. Bxc4 Rf6+ 67. Ke2 Be5 68. Ra5 Bc3 69. Rh5 Rg6 70. Kf3 Rg7 71. e5 Bb4 72. Ke4 Be7 73. Kd5 Kd7 74. Bd3 Bd8 75. Rh6 Be7 76. Ra6 Bd8 77. Bg6 1-0

[Event "Arab Clubs-chT 11th"]
[Site "Tunis"]
[Date "2009.12.14"]
[Round "3"]
[White "Mohamed, Nawfal"]
[Black "El Kamel, Adel Mahmoud"]
[Result "0-1"]
[WhiteElo "2221"]
[BlackElo "2253"]
[PlyCount "140"]
[EventDate "2009.12.12"]
[EventType "team-swiss"]
[EventRounds "9"]
[EventCountry "TUN"]
[SourceTitle "EXT 2020"]
[Source "ChessBase"]
[SourceDate "2019.10.17"]
[SourceVersion "1"]
[SourceVersionDate "2019.10.17"]
[SourceQuality "1"]
[WhiteTeam "Al Kahraba Baghdad"]
[BlackTeam "Club la Tour Blanche"]
[WhiteTeamCountry "IRQ"]
[BlackTeamCountry "TUN"]

1. d4 Nf6 2. c4 e6 3. Nf3 Bb4+ 4. Nbd2 b6 5. e3 Bb7 6. Bd3 Ne4 7. 0-0 f5 8. Qc2 Nxd2 9. Nxd2 Qh4 10. f4 0-0 11. Nf3 Qh5 12. e4 Be7 13. e5 Nc6 14. a3 Nd8 15. b4 Nf7 16. Be2 Qh6 17. Qd2 a5 18. b5 d6 19. exd6 Nxd6 20. Qe3 Rad8 21. Bb2 Ne4 22. Rad1 Bd6 23. Ne5 Qh4 24. Bf3 Qe7 25. Rfe1 Bxe5 26. dxe5 Qc5 27. Qxc5 Nxc5 28. Bxb7 Nxb7 29. a4 Kf7 30. Ba3 Rfe8 31. Kf2 h6 32. Kf3 g5 33. g4 Kg6 34. h3 fxg4+ 35. hxg4 Nc5 36. Bxc5 bxc5 37. Kg3 Rf8 38. fxg5 Kxg5 39. Rf1 Rxd1 40. Rxf8 Rd3+ 41. Kf2 Kxg4 42. Rf6 Rd4 43. Rxe6 Kf5 44. Rc6 Rxc4 45. Rxc7 Kxe5 46. b6 Kd6 47. Rh7 Rxa4 48. Rxh6+ Kd5 49. Ke3 Rb4 50. Kd3 a4 51. Kc3 a3 52. b7 Rxb7 53. Rh5+ Kc6 54. Rh6+ Kb5 55. Kb3 Ra7 56. Ka2 Kb4 57. Rb6+ Kc3 58. Rb3+ Kc2 59. Rh3 c4 60. Rh2+ Kc3 61. Rh1 Rg7 62. Rc1+ Kb4 63. Rb1+ Ka4 64. Rb8 Rg2+ 65. Ka1 c3 66. Ra8+ Kb3 67. Rb8+ Kc2 68. Rh8 Kd1 69. Rh1+ Kd2 70. Rh8 c2 0-1

[Event "Africa-ch"]
[Site "Tripoli"]
[Date "2009.07.29"]
[Round "8"]
[White "El Kamel, Adel Mahmoud"]
[Black "Abdelnabbi, Imed"]
[Result "1/2-1/2"]
[WhiteElo "2239"]
[BlackElo "2452"]
[PlyCount "101"]
[EventDate "2009.07.21"]
[EventType "swiss"]
[EventRounds "9"]
[EventCountry "LBY"]
[SourceTitle "CBM 131 Extra"]
[Source "ChessBase"]
[SourceDate "2009.09.03"]
[SourceVersion "2"]
[SourceVersionDate "2009.09.16"]
[SourceQuality "1"]

1. d4 Nf6 2. c4 e6 3. Nc3 d5 4. Bg5 Nbd7 5. e3 c6 6. cxd5 exd5 7. Nf3 Be7 8. Bd3 0-0 9. Qc2 Re8 10. h3 Nf8 11. Bf4 Ng6 12. Bh2 Bd6 13. Bxd6 Qxd6 14. 0-0-0 Qe7 15. g4 b6 16. Kb1 Bb7 17. g5 Ne4 18. h4 c5 19. Rdg1 cxd4 20. Nxd4 Ne5 21. Nxe4 dxe4 22. Be2 Nd3 23. f4 Rec8 24. Qd2 Rc4 25. Rf1 Rac8 26. Rhg1 Bd5 27. Bxd3 exd3 28. Rc1 Qe4 29. Rxc4 Rxc4 30. b3 Rc8 31. Rc1 Re8 32. Nb5 Qg2 33. Qxg2 Bxg2 34. Nd6 Rf8 35. Rc8 f6 36. Kc1 fxg5 37. fxg5 Rxc8+ 38. Nxc8 Kf7 39. h5 Bf3 40. h6 gxh6 41. gxh6 Kg6 42. Kd2 Be2 43. Nxa7 Kxh6 44. Nc6 Kg5 45. Nd4 Bf1 46. a4 Kg4 47. Ne6 h5 48. Nf4 h4 49. b4 Kf5 50. a5 bxa5 51. bxa5 1/2-1/2

[Event "Africa-ch"]
[Site "Tripoli"]
[Date "2009.07.24"]
[Round "4"]
[White "El Kamel, Adel Mahmoud"]
[Black "Chahrani, Ibrahim"]
[Result "0-1"]
[WhiteElo "2239"]
[BlackElo "2280"]
[PlyCount "98"]
[EventDate "2009.07.21"]
[EventType "swiss"]
[EventRounds "9"]
[EventCountry "LBY"]
[SourceTitle "CBM 131 Extra"]
[Source "ChessBase"]
[SourceDate "2009.09.03"]
[SourceVersion "2"]
[SourceVersionDate "2009.09.16"]
[SourceQuality "1"]

1. e4 d5 2. exd5 Qxd5 3. Nc3 Qd6 4. d4 Nf6 5. Nf3 c6 6. Ne5 Nbd7 7. Nc4 Qc7 8. g3 Nb6 9. Bf4 Qd8 10. Ne5 Nbd5 11. Nxd5 Nxd5 12. Bd2 g6 13. Qf3 f6 14. Ng4 Qb6 15. 0-0-0 Qxd4 16. h3 Bf5 17. Qb3 Qb6 18. Bc4 Qxb3 19. Bxb3 0-0-0 20. Rhe1 h5 21. Ne3 Nxe3 22. Bxe3 Rxd1+ 23. Kxd1 Bxh3 24. Bxa7 e5 25. Ke2 Kc7 26. a4 h4 27. Rg1 hxg3 28. Rxg3 Bf5 29. a5 Rh1 30. Bf7 g5 31. Kd2 g4 32. Bb6+ Kd7 33. f3 Bh6+ 34. Kc3 Rh3 35. Rg1 Rxf3+ 36. Kb4 Bf8+ 37. Bc5 Bxc5+ 38. Kxc5 Kc7 39. Bh5 Rf2 40. c4 Rxb2 41. Bxg4 Bxg4 42. Rxg4 Rd2 43. Rg6 Rd6 44. Rg8 Re6 45. Rg7+ Kb8 46. Kb6 c5+ 47. Kxc5 e4 48. Kd5 Re5+ 49. Kd4 e3 0-1